000 00593nam a2200205Ia 4500
003 IN-BaIIA
008 211028s9999 xx 000 0 eng d
040 _cIIA Library
080 _a535.33
_bCUR
100 _aCurraan, S. C
_93071
245 0 _aLuminescence and the scientillation counter
_cSamuel Crowe Curran
260 _aLondon
_bButterworths
_c1953
300 _ax, 219p.
500 _aIncludes bibliographical references and indexes.
650 _aAtomic Radiation
_93072
650 _aNASA Thesaurus
650 _aScintillation
_93073
650 _aSpectroscopy
_91535
942 _cBK
999 _c1521
_d1521